[Event "VIE-ch U13"]
[Site "Hanoi"]
[Date "2020.??.??"]
[Round "1"]
[White "Do, An Hoa1111"]
[Black "Ngo, Nhat Minh"]
[Result "1-0"]
[WhiteElo "1600"]
[BlackElo "2318"]
[PlyCount "97"]
[EventDate "2020.10.22"]
[EventType "tourn"]
[EventRounds "9"]
[EventCountry "VIE"]
[SourceTitle "EXT 2022"]
[Source "ChessBase"]
[SourceDate "2021.10.06"]
[SourceVersion "1"]
[SourceVersionDate "2021.10.06"]
[SourceQuality "1"]

1. d4 d6 2. e4 c6 3. Nf3 Bg4 4. Nbd2 Qc7 5. h3 Bh5 6. Bd3 Nd7 7. 0-0 Ngf6 8. c3 e5 9. Re1 Be7 10. Nf1 0-0 11. Ng3 Bg6 12. Nh4 h6 13. Nxg6 fxg6 14. Bc4+ Kh8 15. Be6 Rad8 16. Be3 Nh7 17. Qg4 Rf6 18. Bxd7 h5 19. Qe2 Qxd7 20. Rad1 Qc7 21. Rd2 Rdf8 22. Red1 Qc8 23. dxe5 dxe5 24. Rd7 R6f7 25. Bxa7 Nf6 26. Rxe7 Rxe7 27. Bc5 Ref7 28. Bxf8 Rxf8 29. Rd6 h4 30. Nf1 Nh5 31. Ne3 Qb8 32. Rd2 Rf4 33. Ng4 Qa7 34. Nxe5 Ng3 35. Qc4 Kh7 36. Qe6 Rf6 37. Qg4 Qb8 38. Qxh4+ Nh5 39. Nd7 Rf4 40. Qxh5+ gxh5 41. Nxb8 Rxe4 42. Kf1 Ra4 43. Rd7 b5 44. a3 c5 45. Nc6 Ra6 46. Ne5 b4 47. axb4 cxb4 48. cxb4 Ra1+ 49. Ke2 1-0